Statistics for Countries with elected or appointed female heads of state or government

Click here to take the quiz!

General Stats

  • This quiz has been taken 53 times
  • The average score is 8 of 24

Answer Stats

Countries% Correct
Germany
80%
United Kingdom
80%
New Zealand
78%
Norway
62%
Iceland
49%
Croatia
44%
Estonia
38%
Serbia
38%
Canada
36%
Lithuania
33%
Switzerland
31%
Taiwan
31%
Malta
29%
Bangladesh
27%
Romania
24%
Barbados
20%
Nepal
20%
Bahamas
16%
Grenada
16%
Myanmar
16%
Trinidad and Tobago
16%
Namibia
13%
Singapore
13%
Marshall Islands
11%

Score Distribution

Percentile by Number Answered

Percent of People with Each Score

Your Score History

You have not taken this quiz